[Event "Sofia MTel Masters 3rd"]
[Site "Sofia"]
[Date "2007.05.12"]
[Round "3"]
[White "Adams, Michael"]
[Black "Nisipeanu, Liviu Dieter"]
[Result "1-0"]
[WhiteElo "2734"]
[BlackElo "2693"]
[PlyCount "77"]
[EventDate "2007.05.10"]
[EventType "tourn"]
[EventRounds "10"]
[EventCountry "BUL"]
[EventCategory "19"]
[SourceTitle "CBM 118"]
[Source "ChessBase"]
[SourceDate "2007.05.31"]
[SourceVersion "1"]
[SourceVersionDate "2007.05.31"]
[SourceQuality "1"]

1. e4 e6 2. d4 d5 3. Nd2 c5 4. exd5 Qxd5 5. Ngf3 cxd4 6. Bc4 Qd6 7. O-O Nf6 8.
Nb3 Nc6 9. Nbxd4 Nxd4 10. Nxd4 a6 11. Re1 Bd7 12. Bg5 Qc5 13. Bxe6 fxe6 14.
Bxf6 gxf6 15. Nxe6 Bxe6 16. Rxe6+ Be7 17. b4 Qc3 18. Re3 Qc7 19. Qh5+ Kf8 20.
Rae1 Re8 21. Qh6+ Kf7 22. Qh5+ Kf8 23. Qh6+ Kf7 24. c3 Rhg8 25. Qxh7+ Rg7 26.
Qh5+ Kf8 27. g3 Qd7 28. Re6 Rg5 29. Qh8+ Kf7 30. Qh7+ Rg7 31. Qh5+ Rg6 32. c4
Kg7 33. Qd5 Qc7 34. Qe4 Kf7 35. c5 Qd7 36. Qf5 Kg7 37. Qe4 Kf7 38. Qf5 Kg7 39.
Qh5 1-0

[Event "Candidates sf"]
[Site "Elista"]
[Date "2007.05.31"]
[Round "1.4"]
[White "Shirov, Alexei"]
[Black "Adams, Michael"]
[Result "0-1"]
[WhiteElo "2699"]
[BlackElo "2734"]
[Annotator "Krasenkow,M"]
[PlyCount "80"]
[EventDate "2007.05.27"]
[EventType "k.o."]
[EventRounds "12"]
[EventCountry "RUS"]
[SourceTitle "CBM 119"]
[Source "ChessBase"]
[SourceDate "2007.08.01"]
[SourceVersion "1"]
[SourceVersionDate "2007.08.01"]
[SourceQuality "1"]

1. d4 Nf6 2. c4 e6 3. Nf3 b6 4. g3 Bb7 5. Bg2 Be7 6. O-O O-O 7. d5 exd5 8. Nh4
{This system (introduced by Polugaevsky in his famous game vs. Kortschnoj) is
not very popular nowadays. White has decent compensation for the pawn but
hardly an advantage.} c6 9. cxd5 Nxd5 10. Nf5 Nc7 11. e4 d5 12. Nc3 Bf6 13.
exd5 (13. Bf4 {is played more frequently in this position}) (13. Re1 {is
another option.}) 13... Nxd5 (13... Bxc3 $6 14. bxc3 Nxd5 15. Qg4 g6 16. Bh6
Re8 17. Rfe1 $18 {1-0 Velickovic,Z-Riemelmoser,O/Graz 1994/EXT 1998 (29)}) (
13... cxd5 {is the main theoretical move.}) 14. Nxd5 (14. Ne4 Bc8 $1 {The
point of Black's defence: he gets rid of the terrible f5 knight.} 15. Qf3 Bxf5
16. Qxf5 Nd7 17. Rd1 Qe7 18. Nxf6+ N7xf6 19. Bg5 Qb4 20. Rac1 h6 21. Bxf6 Nxf6
22. Bxc6 Rad8 23. Qc2 {1/2-1/2 Rzoska,K-Zdebskaja,N/Wroclaw 2004/EXT 2007})
14... cxd5 15. Bf4 $1 $146 {[%mdl 8]} (15. Ne3 Re8 (15... Nd7 16. Nxd5 Bxd5 17.
Qxd5 Rc8 18. Bf4 Nc5 19. Bd6 Be7 20. Rfd1 Bxd6 21. Qxd6 Qxd6 22. Rxd6 Rfd8 23.
Rad1 Rxd6 24. Rxd6 Kf8 {1/2-1/2 Steinbacher,M-Seegers,H/Germany 1998/EXT 1999 
(62)}) (15... Nc6 16. Nxd5 Be5 $11 17. Rb1 $6 Nd4 18. Nc3 Bxg2 19. Kxg2 Qf6 $36
{0-1 De Waard,R-Lemmers,O/Helmond 1993/EXT 2004 (32)}) 16. Nxd5 Nc6 17. Nxf6+
Qxf6 18. Qf3 {1/2-1/2 Sterling,F-Perez,G/SEMI 1997/Telechess CBM 93}) (15. Re1
$5 Na6 $5 16. Bf4) 15... Nd7 (15... Qd7 16. Bh3 Kh8 {looks risky but still
needs testing.}) 16. Nd6 Ba6 17. Qxd5 $6 {[%mdl 512] This exchange sacrifice 
(or a complicated combination started with this move) only leads to equality.}
(17. Re1 $142 Nc5 (17... Bxb2 $6 18. Bxd5 $1 {[%cal Rd6f7]}) 18. Bxd5 Nd3 19.
Qa4 $1 {leads to very promising complications for White and puts the whole 13..
.Nxd5 idea under s cloud.}) 17... Bxf1 18. Kxf1 (18. Rxf1 Qe7 $5) 18... Rb8 19.
Rd1 (19. Nb7 Rxb7 20. Qxb7 Nc5 21. Qxa7 Bxb2 22. Re1 Bc3 23. Rc1 Bb2 $11) 19...
Nc5 20. Nxf7 $5 (20. b4 $2 Ne6) 20... Rxf7 21. b4 Qxd5 22. Bxd5 Rd8 $1 23. bxc5
bxc5 24. Be3 $4 {[%mdl 8192] A terrible blunder, after which White is just an
exchange down.} (24. Bxf7+ Kxf7 25. Rc1 $11 ({rather than} 25. Rxd8 Bxd8 {
and the black king comes to d5 first})) 24... Kh8 $19 {Game over...} 25. Bxf7
Rxd1+ 26. Ke2 Rd7 27. Bb3 Bd4 28. Bf4 Re7+ 29. Kf1 g6 30. Bh6 Rc7 31. Bf4 Rc6
32. Bd5 Rb6 33. Bb3 Rc6 34. Bd5 Rb6 35. Bb3 c4 $1 36. Bxc4 Rb2 37. h4 Rxf2+ 38.
Ke1 Rc2 39. Bb3 Rh2 40. a4 Kg7 0-1

[Event "UK-CHN"]
[Site "Liverpool"]
[Date "2007.09.06"]
[Round "3"]
[White "Adams, Michael"]
[Black "Ni, Hua"]
[Result "1-0"]
[WhiteElo "2724"]
[BlackElo "2681"]
[PlyCount "101"]
[EventDate "2007.09.04"]
[EventType "schev"]
[EventRounds "6"]
[EventCountry "ENG"]
[SourceTitle "CBM 120"]
[Source "ChessBase"]
[SourceDate "2007.10.02"]
[SourceVersion "1"]
[SourceVersionDate "2007.10.02"]
[SourceQuality "1"]

1. e4 c5 2. Nf3 Nc6 3. Bb5 Nf6 4. Nc3 Qc7 5. d3 a6 6. Bxc6 dxc6 7. a4 a5 8. Be3
e5 9. h3 Bd6 10. Nd2 Be6 11. b3 Nd7 12. O-O f6 13. Nc4 Bxc4 14. bxc4 g6 15. Qg4
O-O-O 16. Rab1 Rdf8 17. Bh6 Rf7 18. Rb3 Bf8 19. Bd2 Rg7 20. h4 h5 21. Qh3 g5
22. hxg5 fxg5 23. Qe6 Re7 24. Qf5 Bh6 25. Rfb1 g4 26. Bxh6 Rxh6 27. Qg5 Rf6 28.
Rxb7 Qxb7 29. Rxb7 Kxb7 30. Qxh5 g3 31. f3 Rg7 32. Nd1 Re6 33. Qh8 Ree7 34. Ne3
Rh7 35. Qd8 Nb6 36. Nf5 Rd7 37. Qg8 Nxa4 38. Qxg3 Ka6 39. Qxe5 Rb7 40. g4 Rb2
41. Ne3 Rb1+ 42. Kg2 Nb6 43. Qxc5 a4 44. Qa3 Rhh1 45. c5 Rbg1+ 46. Kf2 Ra1 47.
Qb2 Nd7 48. Qd4 Nb8 49. Qd8 Rhb1 50. Nc4 Rb5 51. g5 1-0

[Event "Baku FIDE GP"]
[Site "Baku"]
[Date "2008.04.22"]
[Round "2"]
[White "Adams, Michael"]
[Black "Cheparinov, Ivan"]
[Result "1-0"]
[WhiteElo "2729"]
[BlackElo "2696"]
[Annotator "Kritz,L"]
[PlyCount "95"]
[EventDate "2008.04.21"]
[EventType "tourn"]
[EventRounds "13"]
[EventCountry "AZE"]
[EventCategory "19"]
[SourceTitle "CBM 124"]
[Source "ChessBase"]
[SourceDate "2008.05.28"]
[SourceVersion "1"]
[SourceVersionDate "2008.05.28"]
[SourceQuality "1"]

1. e4 c5 2. Nf3 d6 3. Bb5+ {Damit weicht Weiß den langen scharfen Varianten
aus und bekommt ein angenehmes, relativ risikofreies Spiel.} Bd7 {Das ist
unumstritten der Hauptzug, wenn Weiß das Läuferschach gibt. Andere
Alternativen bieten Weiß gute Chancen auf Eröffnungsvorteil.} (3... Nd7 4. d4
Ngf6 (4... cxd4 5. Qxd4 a6 6. Bxd7+ Bxd7 7. Nc3 Nf6 8. Bg5 $14 {Die weiße
Dominanz im Zentrum ist deutlich.}) 5. Nc3 cxd4 (5... a6 6. Bxd7+ Nxd7 7. O-O
e6 8. Bg5 Qc7 9. d5 e5 10. a4 $14 {Weiß hat Raumvorteil und
Entwicklungsvorsprung.}) 6. Qxd4 e5 7. Qd3 h6 8. Be3 $14 {Mit dem schwachen
d6-Bauern und dem Feld d5 hat Schwarz viele Probleme am Hals.}) (3... Nc6 {
ist solider als 3....Nd7, aber weniger populär als der Partiezug.} 4. O-O (4.
Bxc6+ $5 bxc6 5. O-O Bg4 6. d3 e5 7. Nbd2 Be7 8. h3 Bh5 9. c3 Nf6 $132 {
Die Stellung ist gut spielbar für beide Seiten, Weiß hat keine bessere Chancen.
}) 4... Bd7 5. Re1 Nf6 6. c3 a6 7. Bf1 (7. Ba4 b5 8. Bc2 Bg4 $11) 7... Bg4 8.
h3 Bxf3 9. Qxf3 g6 10. Qd1 Bh6 $1 $132 {Mit dem letzten Zug hat Schwarz 11.d4
verhindert. Die Chancen der beiden Seiten sind ungefähr gleich, doch auf Dauer
hat Weiß etwas bessere Perspektiven aufgrund des Läuferpaars und des höheren
Potenzials im Zentrum.}) 4. Bxd7+ Qxd7 ({Ebenfalls möglich ist} 4... Nxd7 5.
O-O Ngf6 6. Qe2 e6 7. b3 (7. c3 Be7 8. d4 O-O $11) 7... Be7 8. Bb2 O-O 9. c4 a6
10. d4 cxd4 11. Nxd4 Qa5 12. Nc3 $14 {Die entstandene Igelstellung ist etwas
besser für Weiß, weil Schwarz keinen Druck gegen die Bauern c4 und e4 aufbauen
kann. Weiß seinerseits wird sein Spiel im Zentrum gegen den Bauern d6 immer
haben.}) 5. c4 ({Es ist wichtig zu wissen, dass in solchen Stellungen der Zug} 
5. d4 $2 {ein grober strategischer Fehler ist. Durch die Abwesenheit der
weißfeldrigen Läufer ist das weiße Angriffspotential wesentlich gesunken, auf
der anderen Seite hat Schwarz das Feld c4 für seine Figuren zur Verfügung. Zum
Beispiel:} cxd4 6. Nxd4 Nf6 7. Nc3 g6 8. O-O Bg7 9. Bg5 Nc6 10. Nb3 O-O 11. Qd2
Ne5 $36) (5. O-O Nc6 6. c3 Nf6 7. d4 $5 {Das Bauernopfer ist interessant, aber
auch nicht mehr. Bei richtiger Verteidigung kann sich Schwarz gut verteidigen.
Die weiße Kompensation reicht nicht aus, um einen Vorteil zu erzielen.} (7. Re1
e6 8. d4 cxd4 9. cxd4 d5 10. e5 Ne4 $11) 7... Nxe4 8. d5 Ne5 9. Re1 (9. Nxe5
dxe5 10. Re1 Nf6 11. Rxe5 e6 12. c4 Bd6 13. Re1 O-O-O $11 {Es ist klar zu
sehen, dass Schwarz keinerlei Probleme hat.}) 9... Nxf3+ 10. Qxf3 Nf6 11. c4 (
11. Bg5 Qg4 $1 $15) 11... e5 12. dxe6 fxe6 13. Bg5 Be7 14. Nc3 h6 15. Bh4 O-O
16. Qh3 Kf7 17. f4 $44 {Adams - Anand (Groningen, 1997)}) 5... Nf6 (5... Nc6 6.
Nc3 g6 7. d4 cxd4 8. Nxd4 Bg7 9. Nde2 (9. Be3 Nf6 10. h3 O-O 11. O-O {führt
zur Partie.}) 9... Nf6 10. O-O O-O 11. f3 a6 12. a4 e6 13. Bg5 Qc7 $132 {
Weiß hat zwar einen Raumvorteil, aber dafür doch einige Schwachpunkte in der
Stellung, das Feld b4 und der Bauer c4 sind zwei der wichtigsten davon. Ich
denke die Stellung befindet sich im dynamischen Gleichgewicht, wie fast alle
Stellungen dieser Variante.}) 6. Nc3 g6 7. d4 cxd4 8. Nxd4 Bg7 9. h3 ({Will
Weiß den Aufbau mit f3 erreichen, muss er genau spielen. Ein Fehltritt wäre
dann z.B. die Rochade:} 9. O-O O-O 10. f3 $6 (10. Be3 Ng4 $1 $36 {/\Nc6,xd4})
10... Rc8 $1 11. b3 d5 $3 {Kaum zu glauben - der schwarze Bauer betritt das
Feld, das unter der totalen weißen Kontrolle ist!} 12. exd5 (12. Nxd5 e6 13.
Nxf6+ Bxf6 14. Be3 Rd8 15. Ne2 Qe7 $17) 12... Nxd5 $3 13. Nxd5 e6 14. Bh6 exd5
15. Bxg7 Kxg7 16. Nb5 (16. cxd5 Qxd5 17. Ne2 Qe5 18. Qd4 Nc6 $11 {Kritz -
Kempinski (Bundesliga, 2005)}) 16... dxc4 17. Nd6 Rd8 18. Nxb7 Qxd1 19. Raxd1
Rxd1 20. Rxd1 cxb3 21. axb3 Nc6 $11) ({Man muss erst} 9. f3 {spielen, um
schnell genug den Gegenangriff von Schwarz zu stoppen:} O-O 10. Be3 Rc8 11. b3
{Hier hat Schwarz keine taktischen Chancen im Zentrum mehr. Trotzdem ist die
Stellung nach} a6 12. a4 Nc6 13. O-O Qd8 {/\Qa5 ziemlich ausgeglichen}) 9...
O-O 10. Be3 (10. O-O Nc6 11. Be3 {führt zur Partie.}) 10... Nc6 11. O-O {
Bereits in dieser Stellung haben sich die Kontrahenten in der Partie Spasov -
Smirin (Plovdiv, 2008) auf Remis geeignet...} Rfd8 {Das ist ein neuer Zug. Mir
scheint es nicht ganz logisch zu sein, den Turm auf die d-Linie bringen zu
wollen. Schließlich macht er auf d8 ziemlich wenig. Vielleicht wollte Schwarz
später mal zu e6-d5 kommen.} (11... Rac8 $5 12. b3 (12. Rc1 Nxd4 $15 {xc4 Hier
sieht man den Vorteil des Zuges 11....Rac8 - Weiß wird gezwungen, 12.b3 zu
spielen.}) 12... a6 13. Rc1 (13. a4 Qd8 $132 {/\Qa5}) 13... b5 $5 14. cxb5 Nxd4
15. Bxd4 axb5 16. Qd3 {Garcia - Delgado (Guayaquil, 2003)} (16. Bxf6 Bxf6 17.
Nd5 Rxc1 18. Qxc1 Rc8 19. Qd2 Qa7 $11) 16... Ra8 $1 $11 {Ich denke nicht, dass
Weiß hier einen Vorteil hat.}) 12. Rc1 Rac8 13. b3 e6 (13... a6 $5 14. Qd3 $5 {
Um das Feld b5 ein Mal mehr unter Kontrolle zu nehmen.} e6 15. Rfd1 Ne5 16. Qe2
Qc7 $132 {/\Qa5 Die Stellung ändert sich kaum von Variante zur Variante, auf
dem Brett ist ein dynamisches Gleichgewicht.}) 14. Qf3 ({Nichts bringt auch} 
14. Nxc6 Qxc6 15. Nb5 (15. Bxa7 b6 $15) 15... Ra8 16. f3 (16. Nxa7 Qxe4 $15)
16... a6 17. Nd4 Qc7 $11) 14... Qe7 15. Rfd1 a6 16. Nxc6 Rxc6 17. Bd4 Rdc8 18.
a4 Nd7 19. Bxg7 Kxg7 {Die Stellung ist absolut gleich. Schwarz hat eine
einzige Schwäche - den Bauern d6, den er gut verteidigen kann. Da drei
Leichtfiguren schon getauscht sind, bringt der kleine Raumvorteil Weiß auch
nichts.} 20. Qe3 Qd8 21. Ne2 Qa5 22. Nd4 Rb6 23. Rc3 Qc5 24. Qe1 Ne5 25. Re3
Nc6 26. Nc2 a5 27. Qc3+ Kg8 28. g3 Nb4 29. Nxb4 Rxb4 30. Qf6 Rb6 31. e5 Re8 32.
h4 d5 33. Rf3 Qe7 34. Qxe7 Rxe7 35. cxd5 exd5 36. Rxd5 Rbe6 37. Rxa5 Rxe5 38.
Rxe5 Rxe5 39. Re3 Rd5 40. Re8+ Kg7 41. Rb8 Rd7 42. Kg2 h5 43. b4 Kf6 44. a5 Ke6
45. b5 Kd6 46. Rc8 Re7 47. b6 Re5 48. a6 1-0

[Event "Baku FIDE GP"]
[Site "Baku"]
[Date "2008.04.24"]
[Round "4"]
[White "Adams, Michael"]
[Black "Navara, David"]
[Result "1-0"]
[WhiteElo "2729"]
[BlackElo "2672"]
[Annotator "Postny,E"]
[PlyCount "79"]
[EventDate "2008.04.21"]
[EventType "tourn"]
[EventRounds "13"]
[EventCountry "AZE"]
[EventCategory "19"]
[SourceTitle "CBM 124"]
[Source "ChessBase"]
[SourceDate "2008.05.28"]
[SourceVersion "1"]
[SourceVersionDate "2008.05.28"]
[SourceQuality "1"]

1. e4 e6 2. d4 d5 3. Nd2 Nf6 4. e5 Nfd7 5. c3 c5 6. Bd3 Nc6 7. Ngf3 {In this
line White is often ready to ruin his pawn chain for an initiative.} (7. Ne2 {
is more popular and positionally sound line.}) 7... g6 $5 {This is a
relatively rare line. The main continuation is 7...Qb6 attacking the Pd4.} 8.
h4 {The move 7...g6 gave White a target and he reacts accordingly. Both
players have experience in this line.} Qb6 (8... h6 9. Bc2 b5 10. O-O a5 11.
Re1 cxd4 12. cxd4 g5 13. Nf1 g4 14. N3h2 h5 15. g3 Qb6 16. Be3 Bb4 17. Re2 Ba6
18. Rc1 O-O-O 19. f3 gxf3 20. Nxf3 $14 {1-0 Adams,M (2729)-Berg,E (2593)/Crete
2007/CBM 121 (48)}) (8... Be7 9. O-O h6 (9... Bxh4 10. Nxh4 Qxh4 11. Nf3 Qg4
12. Be2 $44 {Gurevich,M}) 10. Re1 cxd4 (10... c4 $5 11. Bc2 Bxh4 12. Nxh4 Qxh4
$13 {Navara}) 11. cxd4 Bxh4 12. Nxh4 Qxh4 13. Nf3 Qe7 14. Be3 Nb6 15. Rc1 Bd7
16. a3 O-O-O 17. b4 Kb8 18. Bd2 $1 {[%cal Gb4b5]} a6 19. b5 axb5 20. Bxb5 $36 {
1/2-1/2 Navara,D (2602)-Gurevich,M (2672)/Antalya 2004/CBM 101/[Gurevich,M] 
(75)}) 9. dxc5 $6 {In my opinion, this move is not in the spirit of the
position. 9.h5 is more consistent.} (9. h5 g5 $1 {Black must not open the
h-file.} 10. Nxg5 cxd4 11. cxd4 Qxd4 (11... Nxd4 12. Ndf3 Nxf3+ 13. Nxf3 h6 14.
O-O Qb4 15. Be3 Nc5 16. Nd4 Nxd3 17. Qxd3 Bd7 18. b3 Bg7 19. f4 $14 {1-0
Smirin,I (2691)-Gurevich,M (2688)/Dos Hermanas 2001/CBM 083 (55)}) 12. Ndf3
Qb4+ 13. Bd2 Qxb2 14. Bxh7 Ndxe5 15. Rb1 Qxa2 (15... Qa3 $5 {might be an
improvement.}) 16. Nxe5 Nxe5 17. Bc3 Bg7 18. O-O Qc4 19. h6 Bf6 20. Bxe5 Bxe5
21. Qh5 Rxh7 22. Nxh7 Bf4 23. Nf6+ Ke7 24. h7 {1-0 Babaev,R (2468)-Medghoul,S 
(2231)/Cappelle La Grande FRA 2008/The Week in Chess 694}) 9... Qc7 $1 {
Correct. The Pe5 is more important to capture.} (9... Bxc5 10. Qe2 Qc7 11. Nb3
Bb6 12. Bf4 f6 13. O-O-O Ndxe5 14. Kb1 {[%cal Gh1e1] with a strong initiative
for the pawn.}) 10. Nb3 Ndxe5 11. Nxe5 (11. h5 Bg7 (11... Nxf3+ $6 12. Qxf3 Ne5
13. Bb5+ Bd7 14. Bxd7+ {and Black has to recapture with the king to avoid the
worst.}) 12. Bc2 O-O 13. Qe2 b6 {Black is okay in this case as well. White is
not able to increase pressure along the h-file.}) 11... Nxe5 12. O-O Nxd3 (
12... Bxc5 $6 13. Nxc5 Qxc5 14. Be3 {is not recommended for Black. The weak
dark squares in his camp are worth more than a pawn.}) 13. Qxd3 Bg7 14. h5 O-O
{Black should be satisfied with the results of the opening. He has pair of
bishops and potentially strong pawns in the centre. Meanwhile, White's
benefits are not so clear.} 15. Bg5 b6 {Opening space for the light-squared
bishop.} 16. h6 $1 {This annoying pawn gives White some attacking chances in
the long run.} Bh8 17. cxb6 axb6 18. Rfe1 Bb7 {Protecting Pd5 in order to be
able to push forward the e-pawn.} 19. Nd4 e5 20. Nb5 Qc6 21. a4 f6 (21... d4
22. f3 e4 23. Qxe4 (23. fxe4 $6 Qc5 {[%csl Rg5][%cal Gd4c3]}) 23... Qxe4 24.
fxe4 dxc3 25. Nxc3 Rfe8 $11) 22. Bd2 f5 23. f4 $1 {White's only play is all
around the dark squares.} d4 24. Qf1 dxc3 $6 {This helps White to activate his
bishop.} (24... exf4 25. Nxd4 Bxd4+ 26. cxd4 g5 $15 {[%csl Rh6][%cal Gc6h6]})
25. Bxc3 exf4 26. Bxh8 Kxh8 {[%csl Gh6,Rh8]} 27. Rac1 {After the exchange of
dark-squared bishops Black's monarch is in danger.} Qf6 28. Qxf4 Qxb2 29. Qe5+
$1 {Eliminating the key defender.} (29. Re2 Qf6 30. Rc7 Bd5 {and White has no
real threats.}) 29... Qxe5 30. Rxe5 {Objectively, Black's position is still
okay. However, it was obviously difficult for Navara to handle this position
in time trouble. Black has to watch out for both the 8th and 7th ranks.} Rxa4
$2 (30... Rfd8 $1 {preventing the knight moves.} 31. Re7 Bd5 32. Rcc7 Bg8 $11)
31. Nd6 Rd4 (31... Ba8 $1 32. Rc7 Rh4 33. Rf7 Rg8 {Now, White can achieve
either an extra piece, or an exchange, but both endgames should be drawn:} 34.
Ne8 (34. Rg7 Rxh6 35. Rxg8+ Kxg8 36. Re8+ Kg7 37. Rxa8) 34... Bd5 35. Rfe7 Bc4
36. Nf6 Rxh6 37. Nxg8 Bxg8 38. Rb7 g5 39. Rxf5 Rg6) 32. Rc7 (32. Nxb7 $2 Rd7 {
trapping the knight.}) 32... Bd5 (32... Rxd6 $2 33. Ree7 {mating.}) 33. Rd7 Kg8
$2 {The final mistake.} ({It was necessary to sacrifice an exchange:} 33... Bc6
34. Nf7+ Kg8 35. Rxd4 Kxf7 36. Rd6 Rc8 {still keeping reasonable chances for a
draw.}) 34. Re8 (34. Ne8 $1 {was even more devastating, as the mating threat
35.Rg7+ followed by 36.Nf6 Rxf6 37.Re8 mate, is unanswerable.}) 34... Rxe8 35.
Nxe8 Rd1+ 36. Kh2 Bb3 (36... Kf8 37. Nf6 $18) 37. Nf6+ {Ideal coordination
between White's forces.} Kf8 38. Nxh7+ Ke8 39. Nf6+ Kf8 40. h7 {Impressive
play by Mickey Adams!} 1-0

[Event "Baku FIDE GP"]
[Site "Baku"]
[Date "2008.04.30"]
[Round "9"]
[White "Adams, Michael"]
[Black "Svidler, Peter"]
[Result "1-0"]
[WhiteElo "2729"]
[BlackElo "2746"]
[Annotator "Ftacnik,L"]
[PlyCount "77"]
[EventDate "2008.04.21"]
[EventType "tourn"]
[EventRounds "13"]
[EventCountry "AZE"]
[EventCategory "19"]
[SourceTitle "CBM 124"]
[Source "ChessBase"]
[SourceDate "2008.05.28"]
[SourceVersion "1"]
[SourceVersionDate "2008.05.28"]
[SourceQuality "1"]

1. e4 c5 2. Nf3 d6 3. d4 cxd4 4. Nxd4 Nf6 5. Nc3 a6 6. Be2 e5 7. Nb3 Be7 8. O-O
O-O 9. Be3 Be6 10. Qd2 Nbd7 11. a4 Qc7 12. Rfd1 Rac8 13. a5 Rfe8 {Very special
variation with some features of "shadow play". Both sides find it diffcult to
improve the optimal position of their pieces.} 14. h3 h6 15. Qe1 Qb8 16. Bf3
Rc4 (16... b5 17. axb6 Nxb6 18. Rxa6 Nc4 19. Rda1 (19. Bc1 Qb7 20. Ra1 Ra8 $44)
19... Nxb2 20. Na5 $14) 17. Nd2 Rc6 (17... Rb4 $2 18. b3 Qc7 19. Nf1 $16) 18.
Nf1 Rec8 19. Bd2 b6 {Playable alternative to the radical b7-b5 advance.
Svidler insists on the opening of the b-file.} (19... b5 20. axb6 Nxb6 21. Ne3
Nc4 22. Nxc4 Bxc4 23. b3 $14) 20. Ne3 $1 bxa5 (20... b5 21. Ncd5 Bxd5 22. exd5
R6c7 23. Bb4 $14) 21. Ncd5 Bxd5 $2 {[%mdl 16384] This move that positionally
compromises Black's position is not easy to explain. White would have been
able to claim minimal progress after the logical 21...Bd8.} (21... Bd8 22. Bc3
Rc5 $13) 22. exd5 Rc5 (22... Rxc2 23. Nxc2 Rxc2 24. Rxa5 Rxb2 25. Rxa6 $16) 23.
Bxa5 e4 (23... Qxb2 $2 24. Rdb1 Qd4 25. Nf5 $18) 24. Be2 Qxb2 25. Bxa6 (25. c3
Qb7 26. Bb4 Ra8 27. Nf5 Bf8 28. c4 $16) 25... Rb8 26. c3 $1 {Quite possibly
Black has missed some move in his calculations and this is a fair candidate.
Suddenly the queen on b2 is feeling very insecure.} Rxa5 (26... Ne5 27. Bb4 $1
Rc7 28. Nf5 Rxb4 (28... Bf8 29. Rdb1 Qc2 30. Ne3 $18) 29. cxb4 Ng6 30. b5 $18)
27. Rxa5 Qb6 (27... Ne5 28. Nc4 Nxc4 29. Bxc4 Bd8 30. Ra6 $16) 28. Rda1 Nc5 29.
Bf1 {Adams believes, that his rooks are stronger and shows no fear from
Black's one on b8.} (29. Rb5 $5 Qc7 30. Rxb8+ Qxb8 31. Be2 $18) 29... Qd8 30.
Rb5 Rc8 31. Ra7 Nfd7 32. Nf5 Bf8 33. Qe3 Qf6 34. Ng3 (34. Nd4 Ne5 35. Nb3 $18)
34... Qe5 35. Nxe4 $1 {The elimination of pawns is not a problem for White as
his pieces are getting closer to the enemy king.} Nxe4 36. Rxd7 Rxc3 37. Qe2
Qd4 (37... Rc8 38. Rbb7 f5 39. Qb2 $18) 38. Rd8 $1 Rc1 39. Kh2 (39. Kh2 Nd2 40.
Rxf8+ $18) 1-0

[Event "ESP-chT final playoff"]
[Site "Motril"]
[Date "2008.11.02"]
[Round "3.2"]
[White "Adams, Michael"]
[Black "Alekseev, Evgeny V"]
[Result "1-0"]
[WhiteElo "2734"]
[BlackElo "2715"]
[PlyCount "62"]
[EventDate "2008.11.02"]
[EventType "team-match"]
[EventRounds "3"]
[EventCountry "ESP"]
[SourceTitle "CBM 127"]
[Source "ChessBase"]
[SourceDate "2008.11.13"]
[SourceVersion "1"]
[SourceVersionDate "2008.11.13"]
[SourceQuality "1"]
[WhiteTeam "Linex Magic"]
[BlackTeam "Cajacanarias"]
[WhiteTeamCountry "ESP"]
[BlackTeamCountry "ESP"]

1. e4 e5 2. Nf3 Nc6 3. Bb5 Nf6 4. O-O Nxe4 5. Qe2 Nd6 6. Bxc6 dxc6 7. Qxe5+ Be6
8. Nd4 Qf6 9. Re1 Qxe5 10. Rxe5 Kd7 11. Nxe6 fxe6 12. d3 Be7 13. Nd2 Raf8 14.
Re2 Rf5 15. b3 Bf6 16. Rb1 Ra5 17. a4 b5 18. axb5 cxb5 19. b4 Ra2 20. Nb3 Nb7
21. d4 Rf8 22. Kf1 Be7 23. c3 Ra4 24. Rc2 a5 25. bxa5 Nxa5 26. Nxa5 Rxa5 27.
Bd2 Rfa8 28. Ke2 c6 29. Ra1 Rxa1 30. Bf4 Rb8 31. Bd6 Bxd6 1-0